[Event "4NCL Division 2b"]
[Site "Daventry, ENG"]
[Date "2020.01.12"]
[Round "4.53"]
[White "Ward, Julian T"]
[Black "McKenna, Jason P"]
[Result "1-0"]
[WhiteElo "2155"]
[BlackElo "2092"]
[PlyCount "161"]
[EventDate "2020.01.12"]
[WhiteTeam "Kings Head"]
[BlackTeam "Oxford 1"]

1. Nf3 g6 2. g3 Bg7 3. d4 Nf6 4. Bg2 O-O 5. O-O d6 6. c4 c6 7. Nc3 a6 8. e4 b5
9. cxb5 axb5 10. e5 Ne8 11. Bf4 b4 12. Ne4 Be6 13. Qd2 Bd5 14. Rfe1 Na6 15. h4
Qc7 16. h5 Rd8 17. hxg6 hxg6 18. exd6 exd6 19. Bh6 f5 20. Bxg7 Qxg7 21. Neg5
Nf6 22. a3 b3 23. Nh4 Nc7 24. Bxd5+ Nfxd5 25. Ne6 Nxe6 26. Rxe6 Rf6 27. Rae1
Qf7 28. Rxf6 Qxf6 29. Qh6 Kf7 30. Qh7+ Qg7 31. Qxg7+ Kxg7 32. Re6 Kf7 33. Rxg6
Nf6 34. Rg5 Re8 35. Kf1 f4 36. gxf4 Re4 37. Nf5 Rxf4 38. Nxd6+ Ke6 39. Nb7 Rxd4
40. Nc5+ Kf7 41. Nxb3 Rd1+ 42. Kg2 Rb1 43. Nd4 Rxb2 44. Nxc6 Ne4 45. Rf5+ Kg6
46. Ne7+ Kh6 47. a4 Ra2 48. a5 Nxf2 49. Kf3 Nd1 50. Rd5 Ra3+ 51. Kf4 Ra4+ 52.
Ke5 Nb2 53. Kf6 Nc4 54. Rd4 Kh5 55. Nf5 Nb2 56. Rxa4 Nxa4 57. Ng7+ Kh6 58. Ne6
Nc3 59. Nc7 Ne4+ 60. Ke5 Nc5 61. Kd5 Nd7 62. Nb5 Nb8 63. Nd4 Na6 64. Nb3 Nb4+
65. Kc4 Na6 66. Kb5 Nc7+ 67. Kc6 Na6 68. Nc5 Nb4+ 69. Kb5 Nd5 70. Nd7 Kg7 71.
Kc5 Nc7 72. Kb6 Nd5+ 73. Kb7 Nb4 74. Nb8 Nd3 75. Kb6 Nb4 76. Nc6 Nd5+ 77. Kb7
Nc3 78. a6 Nb5 79. Nd4 Nd6+ 80. Kc7 Ne8+ 81. Kd8 1-0

[Event "4NCL Division 2b"]
[Site "Daventry, ENG"]
[Date "2020.01.12"]
[Round "4.54"]
[White "Moyse, Nigel John"]
[Black "Guthrie, David"]
[Result "0-1"]
[WhiteElo "2038"]
[BlackElo "2151"]
[PlyCount "72"]
[EventDate "2020.01.12"]
[WhiteTeam "Oxford 1"]
[BlackTeam "Kings Head"]

1. d4 Nf6 2. c4 e6 3. Nf3 d5 4. Nc3 c6 5. Bg5 dxc4 6. a4 Bb4 7. e3 b5 8. Be2
Nbd7 9. O-O Qb6 10. Na2 Be7 11. b3 cxb3 12. Qxb3 b4 13. a5 Qxa5 14. Rfb1 h6 15.
Bxf6 Bxf6 16. Nxb4 Qc7 17. Qc2 c5 18. Na6 Bxa6 19. Rxa6 O-O 20. Rc1 Rfc8 21.
Nd2 Qd8 22. dxc5 Nxc5 23. Ra2 Nd3 24. Qxc8 Rxc8 25. Rxc8 Qxc8 26. Bxd3 a5 27.
g3 g6 28. Ne4 Be7 29. Bf1 Bb4 30. Nd2 Bxd2 31. Rxd2 Qc3 32. Rd8+ Kg7 33. Ra8
Qb4 34. Bg2 a4 35. Bc6 a3 36. Kg2 Qb2 0-1

[Event "4NCL Division 2b"]
[Site "Daventry, ENG"]
[Date "2020.01.12"]
[Round "4.55"]
[White "Gilfillan, Andrew"]
[Black "Pozimski, Szymon"]
[Result "1-0"]
[WhiteElo "2002"]
[BlackElo "2011"]
[PlyCount "65"]
[EventDate "2020.01.12"]
[WhiteTeam "Kings Head"]
[BlackTeam "Oxford 1"]

1. e4 d5 2. exd5 Qxd5 3. Nc3 Qd8 4. d4 Nf6 5. Bc4 a6 6. Bg5 b5 7. Bxf6 gxf6 8.
Bb3 e6 9. Qf3 Ra7 10. O-O-O Bh6+ 11. Kb1 O-O 12. Nge2 Nd7 13. d5 e5 14. Ne4 Bg7
15. N2g3 Kh8 16. Nf5 Nb6 17. d6 c6 18. Neg3 c5 19. c3 Rg8 20. Ne7 Rxe7 21. dxe7
Qxe7 22. Nf5 Bxf5+ 23. Qxf5 Bf8 24. Bc2 Rg7 25. Rhe1 Qe6 26. Rd8 Kg8 27. g4 b4
28. cxb4 cxb4 29. Red1 Qc6 30. Be4 Qc4 31. Rc1 Qe2 32. Bd3 Qd2 33. Qxh7+ 1-0

[Event "4NCL Division 2b"]
[Site "Daventry, ENG"]
[Date "2020.01.12"]
[Round "4.56"]
[White "Alizada, Eldar"]
[Black "Mackenzie, Colin"]
[Result "1/2-1/2"]
[WhiteElo "2087"]
[BlackElo "2039"]
[PlyCount "45"]
[EventDate "2020.01.12"]
[WhiteTeam "Oxford 1"]
[BlackTeam "Kings Head"]

1. d4 e6 2. c4 Nf6 3. Nf3 b6 4. a3 d5 5. cxd5 exd5 6. Bg5 Be7 7. Nc3 O-O 8. e3
Bb7 9. Bd3 Nbd7 10. O-O h6 11. Bh4 Ne4 12. Bxe7 Qxe7 13. Rc1 c5 14. dxc5 bxc5
15. Bb1 Ndf6 16. Qc2 Rac8 17. h3 Rfd8 18. Rfd1 Nxc3 19. Qxc3 Re8 20. Bf5 Rc7
21. Qa5 g6 22. Bd3 Rec8 23. Ba6 1/2-1/2

[Event "4NCL Division 2b"]
[Site "Daventry, ENG"]
[Date "2020.01.12"]
[Round "4.57"]
[White "Davey, Mark"]
[Black "Rogozinski, Andrew"]
[Result "1-0"]
[WhiteElo "2012"]
[BlackElo "2065"]
[PlyCount "79"]
[EventDate "2020.01.12"]
[WhiteTeam "Kings Head"]
[BlackTeam "Oxford 1"]

1. e4 c5 2. Nf3 d6 3. d4 cxd4 4. Nxd4 Nf6 5. Nc3 a6 6. a4 e5 7. Nb3 Be6 8. Be2
Be7 9. Bf3 Nbd7 10. a5 O-O 11. O-O b5 12. axb6 Nxb6 13. Na5 Qc7 14. Re1 h6 15.
Nd5 Nfxd5 16. exd5 Bd7 17. b3 f5 18. c4 e4 19. Bb2 Bf6 20. Bxf6 Rxf6 21. Bh5
Raf8 22. Qd4 g6 23. Bd1 Be8 24. b4 Nc8 25. Ra3 R6f7 26. Be2 Na7 27. Rea1 f4 28.
Bg4 Re7 29. Be6+ Bf7 30. Qxe4 Kh7 31. Qxf4 Qb8 32. Rh3 h5 33. Qg5 Qc7 34. Rxh5+
gxh5 35. Bf5+ Bg6 36. Qxg6+ Kh8 37. Qxh5+ Kg8 38. Qg6+ Kh8 39. Qh6+ Kg8 40.
Be6+ 1-0

[Event "4NCL Division 2b"]
[Site "Daventry, ENG"]
[Date "2020.01.12"]
[Round "4.58"]
[White "Matta, Francesca"]
[Black "Thatte, Nishchal"]
[Result "1-0"]
[WhiteElo "1931"]
[BlackElo "1832"]
[PlyCount "51"]
[EventDate "2020.01.12"]
[WhiteTeam "Oxford 1"]
[BlackTeam "Kings Head"]

1. d4 e6 2. e4 d5 3. Nd2 c5 4. Ngf3 cxd4 5. Nxd4 Nc6 6. Nxc6 bxc6 7. Bd3 Qa5 8.
O-O Ba6 9. Nb3 Qa4 10. Re1 Rd8 11. Bd2 Bxd3 12. cxd3 Nf6 13. e5 Nd7 14. Qf3 Qh4
15. Rac1 c5 16. Na5 Rc8 17. b4 Be7 18. g3 Qh3 19. bxc5 Rxc5 20. d4 Rxc1 21.
Rxc1 Nb6 22. Rc7 Qf5 23. Qb3 Bd8 24. Qb5+ Kf8 25. Bb4+ Kg8 26. Qe8# 1-0

[Event "4NCL Division 2b"]
[Site "Daventry, ENG"]
[Date "2020.01.12"]
[Round "4.61"]
[White "Hand, Freddie"]
[Black "Makkar, Rajat"]
[Result "1/2-1/2"]
[WhiteElo "2184"]
[BlackElo "2121"]
[PlyCount "85"]
[EventDate "2020.01.12"]
[WhiteTeam "KJCA Kings"]
[BlackTeam "Grantham Sharks 2"]

1. d4 d5 2. c4 c6 3. Nf3 Nf6 4. Nc3 e6 5. Bg5 Nbd7 6. e3 Qa5 7. cxd5 Nxd5 8.
Qd2 Bb4 9. Rc1 h6 10. Bh4 c5 11. Be2 cxd4 12. Nxd4 Nxc3 13. bxc3 Be7 14. Bxe7
Kxe7 15. Nb5 Qb6 16. c4 a6 17. Nd4 Rd8 18. O-O Kf8 19. Qc2 Nc5 20. Rb1 Qc7 21.
Qh7 Qe5 22. Rfd1 Bd7 23. Bf3 Ba4 24. Nb3 Rxd1+ 25. Rxd1 Ke7 26. Rb1 Bxb3 27.
axb3 a5 28. Qc2 Kf8 29. g3 Kg8 30. b4 axb4 31. Rxb4 Ra1+ 32. Rb1 b6 33. Kg2
Rxb1 34. Qxb1 Qc7 35. Qb5 Kf8 36. Qb4 Ke7 37. Qc3 f6 38. Qc2 Kd8 39. Qh7 Qd7
40. Qg8+ Kc7 41. Qa8 Kd6 42. Qb8+ Qc7 43. Qf8+ 1/2-1/2

[Event "4NCL Division 2b"]
[Site "Daventry, ENG"]
[Date "2020.01.12"]
[Round "4.62"]
[White "Murphy, Hugh W"]
[Black "Yoon, Jacob D"]
[Result "1-0"]
[WhiteElo "2121"]
[BlackElo "2091"]
[PlyCount "81"]
[EventDate "2020.01.12"]
[WhiteTeam "Grantham Sharks 2"]
[BlackTeam "KJCA Kings"]

1. d4 d5 2. Nf3 e6 3. e3 c6 4. Ne5 Nd7 5. f4 Bd6 6. Bd3 Ngf6 7. Nd2 Qc7 8. g4
Nf8 9. g5 N6d7 10. Qh5 Nxe5 11. fxe5 Bxe5 12. dxe5 Qxe5 13. Nf3 Qc7 14. Bd2 e5
15. e4 Be6 16. Qh4 O-O-O 17. Qf2 d4 18. Qe2 Nd7 19. Bc4 Rhe8 20. Bxe6 Rxe6 21.
O-O Qb6 22. Kh1 Qxb2 23. Ba5 Rde8 24. a4 Nc5 25. Qc4 d3 26. Qxc5 dxc2 27. Qxa7
c5 28. Rac1 Rc6 29. Nd2 f6 30. Nc4 Qb3 31. Nb6+ Kc7 32. Nd5+ Kc8 33. Bb6 Rxb6
34. Qxb6 Qxb6 35. Nxb6+ Kc7 36. Nd5+ Kd6 37. gxf6 gxf6 38. Rxf6+ Kd7 39. Rxc2
Rg8 40. Rcf2 Rg6 41. Rxg6 1-0

[Event "4NCL Division 2b"]
[Site "Daventry, ENG"]
[Date "2020.01.12"]
[Round "4.63"]
[White "Young, Daniel J"]
[Black "Varnam, Liam D"]
[Result "0-1"]
[WhiteElo "1947"]
[BlackElo "2076"]
[PlyCount "78"]
[EventDate "2020.01.12"]
[WhiteTeam "KJCA Kings"]
[BlackTeam "Grantham Sharks 2"]

1. e4 e5 2. Nf3 Nc6 3. Bb5 a6 4. Ba4 Nf6 5. O-O Nxe4 6. d4 b5 7. Bb3 d5 8. dxe5
Be6 9. Nbd2 Nc5 10. c3 d4 11. Bxe6 Nxe6 12. cxd4 Ncxd4 13. a4 b4 14. Nxd4 Qxd4
15. Qf3 Rd8 16. Qc6+ Rd7 17. Qxa6 Qxe5 18. Nc4 Qd5 19. Ne3 Qc5 20. Qa8+ Rd8 21.
Qe4 Be7 22. Nf5 Bf6 23. Be3 Qd5 24. Qc2 b3 25. Qb1 O-O 26. a5 c5 27. Ra4 g6 28.
Nh6+ Kh8 29. Ng4 Bg7 30. Bh6 Bxh6 31. Nxh6 Nd4 32. Qd3 Qh5 33. Qh3 Qxh3 34.
gxh3 f5 35. a6 Kg7 36. Nxf5+ Rxf5 37. a7 Rc8 38. f4 Rf7 39. Rfa1 Nc2 0-1

[Event "4NCL Division 2b"]
[Site "Daventry, ENG"]
[Date "2020.01.12"]
[Round "4.64"]
[White "Kafka, Graeme"]
[Black "Anilkumar, Anantha P"]
[Result "1-0"]
[WhiteElo "2042"]
[BlackElo "1887"]
[PlyCount "73"]
[EventDate "2020.01.12"]
[WhiteTeam "Grantham Sharks 2"]
[BlackTeam "KJCA Kings"]

1. e4 c5 2. Nf3 d6 3. d4 cxd4 4. Nxd4 Nf6 5. Nc3 g6 6. g3 Bg7 7. Bg2 O-O 8. O-O
Bd7 9. h3 Nc6 10. Be3 Ne5 11. Qe2 Qc8 12. Kh2 Nc4 13. Bc1 Re8 14. Rd1 h5 15. b3
Ne5 16. Bb2 h4 17. Nd5 hxg3+ 18. fxg3 Nh7 19. c4 Ng5 20. Nf4 Ng4+ 21. hxg4 Bxg4
22. Qd2 Bxd1 23. Rxd1 e5 24. Nd5 Bh6 25. Qf2 Bg7 26. Nb5 Qg4 27. Rf1 Rad8 28.
Bc1 Rf8 29. Nf6+ Bxf6 30. Qxf6 Nh7 31. Qf3 Qxf3 32. Rxf3 a6 33. Nc7 Rd7 34. Nd5
f5 35. Bh3 Rg7 36. exf5 gxf5 37. Rxf5 1-0

[Event "4NCL Division 2b"]
[Site "Daventry, ENG"]
[Date "2020.01.12"]
[Round "4.65"]
[White "Metcalfe, Charlie P"]
[Black "Birtwistle, Nigel"]
[Result "0-1"]
[WhiteElo "1816"]
[BlackElo "2110"]
[PlyCount "68"]
[EventDate "2020.01.12"]
[WhiteTeam "KJCA Kings"]
[BlackTeam "Grantham Sharks 2"]

1. d4 Nf6 2. Nf3 c5 3. d5 b5 4. c4 g6 5. cxb5 a6 6. b6 Qxb6 7. Nc3 Bg7 8. e4 d6
9. Nd2 O-O 10. Be2 Bd7 11. Nc4 Qb7 12. a4 a5 13. O-O Na6 14. Nxa5 Qc7 15. Nc4
Rfb8 16. Bf4 Ne8 17. Qd2 Nb4 18. Bg3 Bc8 19. a5 Qd8 20. Nb6 Ra7 21. Nb5 Rab7
22. Rfc1 Nc7 23. Na3 Ra7 24. Nac4 Ba6 25. Kh1 Nb5 26. Rf1 Nd4 27. Bd1 Bb5 28.
f3 Rxb6 29. Nxb6 Bxf1 30. Ba4 Rxa5 31. Rxf1 Qxb6 32. Bd1 Qa6 33. Rg1 Ra1 34.
Bh4 Qd3 0-1

[Event "4NCL Division 2b"]
[Site "Daventry, ENG"]
[Date "2020.01.12"]
[Round "4.66"]
[White "Milson, Samuel A"]
[Black "Bansal, Saahil"]
[Result "1-0"]
[WhiteElo "2115"]
[BlackElo "1817"]
[PlyCount "149"]
[EventDate "2020.01.12"]
[WhiteTeam "Grantham Sharks 2"]
[BlackTeam "KJCA Kings"]

1. e4 e6 2. d4 d5 3. Nd2 dxe4 4. Nxe4 Nd7 5. Nf3 Be7 6. Bd3 Ngf6 7. Qe2 O-O 8.
O-O b6 9. Ne5 Bb7 10. Ng5 h6 11. Nh3 c5 12. c3 Bd6 13. Bd2 Bxe5 14. dxe5 Nxe5
15. Bc2 Nc6 16. Rad1 Qd5 17. f3 Qe5 18. Qf2 Rad8 19. Bf4 Qh5 20. Rxd8 Rxd8 21.
Bc7 Qd5 22. Bxd8 Qxd8 23. Rd1 Qc7 24. Qd2 Kf8 25. Qf4 Qxf4 26. Nxf4 Ke7 27. h4
Ne5 28. Kf2 Nd5 29. Be4 Nxf4 30. Bxb7 Nfd3+ 31. Ke2 Nxb2 32. Rb1 Nbd3 33. g3 c4
34. f4 Nd7 35. Ba6 N3c5 36. Bxc4 Ne4 37. Rg1 Nxc3+ 38. Kd3 Na4 39. g4 e5 40. f5
f6 41. Ke4 Nc3+ 42. Kd3 Na4 43. Bb5 Nac5+ 44. Kc4 Ne4 45. Bc6 Ndc5 46. Rg2 Kd6
47. Bxe4 Nxe4 48. Re2 Nc5 49. Rd2+ Kc7 50. Kd5 Kd7 51. g5 hxg5 52. hxg5 Ke7 53.
g6 e4 54. Kd4 Kf8 55. Rc2 Ke7 56. Rh2 Kd6 57. Rh3 a6 58. Rh7 a5 59. Rh3 a4 60.
Rh2 b5 61. Rb2 Nd3 62. Rxb5 Nf2 63. Rb7 e3 64. Kxe3 Ng4+ 65. Kf4 Ne5 66. Rxg7
Kc5 67. Ra7 Nc6 68. Rc7 Kd6 69. Rxc6+ Ke7 70. Rc8 Kd7 71. Ra8 Kc7 72. g7 Kd7
73. g8=Q Kd6 74. Rc8 a3 75. Qd8# 1-0

[Event "4NCL Division 2b"]
[Site "Daventry, ENG"]
[Date "2020.01.12"]
[Round "4.67"]
[White "Anilkumar, Anantha P P"]
[Black "Lentzos, Ioanis"]
[Result "0-1"]
[WhiteElo "1276"]
[BlackElo "2086"]
[PlyCount "64"]
[EventDate "2020.01.12"]
[WhiteTeam "KJCA Kings"]
[BlackTeam "Grantham Sharks 2"]

1. c4 f5 2. Nc3 Nf6 3. g3 g6 4. d3 Bg7 5. Bg2 O-O 6. Nf3 d6 7. Ng5 h6 8. Nf3 c6
9. h4 e5 10. Be3 Ng4 11. Bd2 Qe7 12. Nh2 Nxh2 13. Rxh2 a5 14. Qc1 Kh7 15. Na4
Be6 16. b3 Nd7 17. Rb1 f4 18. Nc3 fxg3 19. fxg3 Nf6 20. Be3 d5 21. Na4 d4 22.
Bg1 Ng4 23. Rh1 Bf5 24. Kd2 e4 25. Qe1 Rae8 26. Nb2 Qb4+ 27. Kc2 Qc3+ 28. Kd1
exd3 29. Qxc3 dxe2+ 30. Ke1 dxc3 31. Nd3 Bxd3 32. Rc1 Rf1+ 0-1

[Event "4NCL Division 2b"]
[Site "Daventry, ENG"]
[Date "2020.01.12"]
[Round "4.68"]
[White "McCarthy, Kevin C"]
[Black "Hand, Nick"]
[Result "1-0"]
[WhiteElo "1997"]
[BlackElo "1250"]
[PlyCount "55"]
[EventDate "2020.01.12"]
[WhiteTeam "Grantham Sharks 2"]
[BlackTeam "KJCA Kings"]

1. d4 Nf6 2. Nc3 d5 3. e4 Nxe4 4. Nxe4 dxe4 5. Bc4 Nc6 6. c3 e5 7. d5 Ne7 8. f3
Qd6 9. fxe4 Ng6 10. Nf3 Be7 11. Be3 Bd7 12. b4 b6 13. O-O O-O 14. Qe2 c6 15.
Rad1 Qc7 16. d6 Bxd6 17. Qd2 Nf4 18. Bxf4 exf4 19. Qxd6 Qxd6 20. Rxd6 Bh3 21.
gxh3 Rad8 22. Rfd1 Rde8 23. e5 b5 24. Bb3 h6 25. Kf2 Kh7 26. Rg1 g5 27. Bc2+ f5
28. exf6+ 1-0

[Event "4NCL Division 2b"]
[Site "Daventry, ENG"]
[Date "2020.01.12"]
[Round "4.71"]
[White "Stoyanov, Viktor"]
[Black "Cherniaev, Alexander"]
[Result "0-1"]
[WhiteElo "2234"]
[BlackElo "2427"]
[PlyCount "135"]
[EventDate "2020.01.12"]
[WhiteTeam "Guildford 3"]
[BlackTeam "Barnet Knights 1"]

1. e4 c5 2. Nf3 e6 3. d4 cxd4 4. Nxd4 Nf6 5. Nc3 Nc6 6. Bf4 d6 7. Nxc6 bxc6 8.
Bd3 e5 9. Bg5 Be7 10. O-O O-O 11. Qe2 Be6 12. Rad1 g6 13. Bh6 Re8 14. Kh1 Nh5
15. g3 Qb8 16. b3 d5 17. f3 Nf6 18. Bg5 Qc7 19. Bxf6 Bxf6 20. Na4 Be7 21. Rfe1
f6 22. c4 dxe4 23. fxe4 h5 24. Qe3 Kg7 25. Be2 Rad8 26. Bf3 Rh8 27. Qe2 Bb4 28.
Rf1 Qe7 29. Qf2 c5 30. Qe3 Rd4 31. Nc3 Bxc3 32. Qxc3 Rhd8 33. Qa5 Bh3 34. Rfe1
R8d7 35. Kg1 Qd6 36. Qc3 Qb6 37. Rxd4 exd4 38. Qd3 Qd6 39. Bg2 Be6 40. Rf1 a5
41. Rf2 Qe5 42. Rd2 a4 43. bxa4 Rb7 44. a3 Bd7 45. a5 Ba4 46. a6 Rb6 47. a7 Bc6
48. Rd1 Ra6 49. Rb1 Rxa7 50. Rb6 Qc7 51. Rb3 Be8 52. Bf1 Bf7 53. Qb1 Qa5 54.
Qc1 Be6 55. h4 Bf7 56. Kh2 Qc7 57. Qc2 Qe5 58. Bd3 Be6 59. Qb1 Bf7 60. Qd1 g5
61. hxg5 fxg5 62. Kg2 Be6 63. Qc1 h4 64. gxh4 gxh4 65. Qe1 Qg5+ 66. Kh1 Rf7 67.
Rb2 Rf3 68. Rg2 0-1

[Event "4NCL Division 2b"]
[Site "Daventry, ENG"]
[Date "2020.01.12"]
[Round "4.72"]
[White "Rocco, Federico"]
[Black "Osborne, Marcus E"]
[Result "1-0"]
[WhiteElo "2305"]
[BlackElo "2128"]
[PlyCount "91"]
[EventDate "2020.01.12"]
[WhiteTeam "Barnet Knights 1"]
[BlackTeam "Guildford 3"]

1. e4 e6 2. d3 b6 3. g3 Bb7 4. Bg2 c5 5. Nf3 d6 6. O-O Be7 7. c4 Nf6 8. Nc3 O-O
9. Re1 Nc6 10. h3 Nd7 11. Rb1 Bf6 12. a3 Rb8 13. Ne2 Ne7 14. b4 Ng6 15. Nd2 d5
16. f4 dxe4 17. Nxe4 Be7 18. Be3 f5 19. N4c3 Bxg2 20. Kxg2 Qc7 21. Ng1 Bf6 22.
Nb5 Qb7+ 23. Qf3 Rfd8 24. Qxb7 Rxb7 25. Bf2 cxb4 26. axb4 Ndf8 27. c5 bxc5 28.
bxc5 Rc8 29. Nd6 Rxb1 30. Rxb1 Rc6 31. Nb5 Ne7 32. Nxa7 Ra6 33. Rb7 Ra2 34. Nf3
Nd5 35. Ne5 Bxe5 36. fxe5 Ng6 37. d4 f4 38. Nb5 fxg3 39. Rb8+ Kf7 40. Nd6+ Ke7
41. c6 Ngf4+ 42. Kxg3 Ra3+ 43. Kg4 h5+ 44. Kg5 Nxh3+ 45. Kg6 Nhf4+ 46. Kxg7 1-0

[Event "4NCL Division 2b"]
[Site "Daventry, ENG"]
[Date "2020.01.12"]
[Round "4.73"]
[White "Price, Gwilym"]
[Black "Brozel, Sacha"]
[Result "1/2-1/2"]
[WhiteElo "2110"]
[BlackElo "2245"]
[PlyCount "88"]
[EventDate "2020.01.12"]
[WhiteTeam "Guildford 3"]
[BlackTeam "Barnet Knights 1"]

1. e4 e6 2. d4 d5 3. Nd2 Be7 4. Ngf3 Nf6 5. e5 Nfd7 6. c3 c5 7. Bd3 Nc6 8. O-O
g5 9. Qe2 g4 10. Ne1 h5 11. Qe3 Qb6 12. Nc2 c4 13. Be2 f5 14. b3 cxb3 15. axb3
Qd8 16. f4 a5 17. Ba3 Nb6 18. c4 Bxa3 19. Rxa3 dxc4 20. bxc4 O-O 21. Rb1 Ra6
22. d5 exd5 23. c5 d4 24. Qb3+ Nd5 25. Bxa6 bxa6 26. Qc4 Kh8 27. Rf1 Ndb4 28.
Ne1 Qe7 29. Nd3 Be6 30. Qc1 Rb8 31. Nxb4 Rxb4 32. Qc2 Rb5 33. Rc1 Nb4 34. Qd1
Na2 35. Rxa2 Bxa2 36. Qc2 Be6 37. c6 Qc7 38. Qd3 Rb6 39. Qxd4 Rxc6 40. Rxc6
Qxc6 41. Qd8+ Bg8 42. Qg5 a4 43. Qxh5+ Bh7 44. Qf7 Qc5+ 1/2-1/2

[Event "4NCL Division 2b"]
[Site "Daventry, ENG"]
[Date "2020.01.12"]
[Round "4.74"]
[White "Villiers, Thomas"]
[Black "White, Nigel"]
[Result "1-0"]
[WhiteElo "2252"]
[BlackElo "2009"]
[PlyCount "61"]
[EventDate "2020.01.12"]
[WhiteTeam "Barnet Knights 1"]
[BlackTeam "Guildford 3"]

1. d4 Nf6 2. c4 g6 3. Nc3 Bg7 4. e4 d6 5. Nf3 O-O 6. Be2 e5 7. O-O Nc6 8. dxe5
dxe5 9. Qxd8 Rxd8 10. Bg5 Rf8 11. h3 h6 12. Be3 b6 13. Rfd1 Bb7 14. Ne1 Nd4 15.
Bxd4 exd4 16. Rxd4 Nxe4 17. Rxe4 Bxc3 18. Re7 Rfe8 (18... Rae8) 19. Rxc7 Rxe2
20. bxc3 Ba6 21. c5 Bb5 22. Nf3 bxc5 23. Rxc5 Bd3 24. Rc7 a6 25. Nd4 Rd2 26.
Re1 Rb8 27. Nb3 Rxa2 28. Nc1 Rd2 29. Rd7 Rb1 30. Rd4 Rc2 31. Nxd3 1-0

[Event "4NCL Division 2b"]
[Site "Daventry, ENG"]
[Date "2020.01.12"]
[Round "4.75"]
[White "Punnett, Alan K"]
[Black "Ethelontis, Alexandros N"]
[Result "1-0"]
[WhiteElo "2011"]
[BlackElo "2155"]
[PlyCount "67"]
[EventDate "2020.01.12"]
[WhiteTeam "Guildford 3"]
[BlackTeam "Barnet Knights 1"]

1. e4 d6 2. d4 Nf6 3. Nc3 g6 4. f4 Bg7 5. Nf3 O-O 6. Be2 c5 7. d5 b5 8. e5 dxe5
9. fxe5 Ng4 10. Bxb5 Nxe5 11. O-O Qb6 12. Nxe5 Bxe5 13. Qe2 Bxc3 14. bxc3 c4+
15. Kh1 Qxb5 16. Bh6 Bf5 17. Rxf5 Nd7 18. Rf4 Rfe8 19. Rxf7 Qxd5 20. Rg7+ Kh8
21. Rxe7 Rxe7 22. Qxe7 Rg8 23. Be3 Rg7 24. Bd4 Qxd4 25. Qe8+ Rg8 26. Qxg8+ Kxg8
27. cxd4 Kf7 28. Re1 Nb6 29. g3 Nd5 30. a3 g5 31. Re5 Nc3 32. Rxg5 Ne4 33. Ra5
h5 34. Kg2 1-0

[Event "4NCL Division 2b"]
[Site "Daventry, ENG"]
[Date "2020.01.12"]
[Round "4.76"]
[White "Willmoth, Robert F"]
[Black "Shepley, Julien M"]
[Result "1-0"]
[WhiteElo "2215"]
[BlackElo "1914"]
[PlyCount "31"]
[EventDate "2020.01.12"]
[WhiteTeam "Barnet Knights 1"]
[BlackTeam "Guildford 3"]

1. d4 d5 2. Nf3 c5 3. c3 e6 4. Nbd2 Nf6 5. e3 Nc6 6. Bd3 Qc7 7. Qe2 h6 8. a3 b6
9. e4 cxd4 10. cxd4 dxe4 11. Nxe4 Nd5 12. Bd2 a6 13. Rc1 Qb7 14. Bc4 Be7 15.
Bxd5 exd5 16. Nd6+ 1-0

[Event "4NCL Division 2b"]
[Site "Daventry, ENG"]
[Date "2020.01.12"]
[Round "4.77"]
[White "Stimpson, Philip M"]
[Black "Orgler, Philipp"]
[Result "1-0"]
[WhiteElo "1941"]
[BlackElo "2170"]
[PlyCount "57"]
[EventDate "2020.01.12"]
[WhiteTeam "Guildford 3"]
[BlackTeam "Barnet Knights 1"]

1. d4 e6 2. Nc3 d5 3. Bf4 Bd6 4. e3 f5 5. Nf3 Nf6 6. Ne5 O-O 7. Qd2 Nbd7 8. Be2
Ne4 9. Nxe4 fxe4 10. O-O-O Nxe5 11. dxe5 Be7 12. h4 Bxh4 13. Rh3 Bg5 14. Rdh1
h6 15. Rg3 Bxf4 16. exf4 Kh7 17. Bh5 Rh8 18. Qe3 Bd7 19. Rg6 Qe7 20. Qh3 Raf8
21. Qg4 Kg8 22. Rh3 Be8 23. Rxe6 Bxh5 24. Rxh5 Rxf4 25. Qg6 Qb4 26. c3 Qc4 27.
Re8+ Rf8 28. Qe6+ Kh7 29. Rxh6+ 1-0

[Event "4NCL Division 2b"]
[Site "Daventry, ENG"]
[Date "2020.01.12"]
[Round "4.78"]
[White "Stoica, Savas Marin"]
[Black "Mellor, Jessica"]
[Result "1-0"]
[WhiteElo "1922"]
[BlackElo "1633"]
[PlyCount "39"]
[EventDate "2020.01.12"]
[WhiteTeam "Barnet Knights 1"]
[BlackTeam "Guildford 3"]

1. e4 e5 2. Nf3 Nc6 3. Bb5 Nf6 4. O-O Nxe4 5. Re1 Nd6 6. Nxe5 Be7 7. Bd3 Nxe5
8. Rxe5 O-O 9. Nc3 Bf6 10. Re3 g6 11. Nd5 Bg7 12. c3 c6 13. Ne7+ Kh8 14. b3 Re8
15. Qe1 Bh6 16. Bb2 Bg7 17. Ba3 Rxe7 18. Rxe7 Qc7 19. Re8+ Bf8 20. Qe5+ 1-0

[Event "4NCL Division 2b"]
[Site "Daventry, ENG"]
[Date "2020.01.12"]
[Round "4.81"]
[White "Gourlay, Iain"]
[Black "Alienkin, Aleksander"]
[Result "1/2-1/2"]
[WhiteElo "2341"]
[BlackElo "2382"]
[PlyCount "36"]
[EventDate "2020.01.12"]
[WhiteTeam "Alba"]
[BlackTeam "Manchester Manticores 1"]

1. c4 e5 2. g3 f5 3. Bg2 Nf6 4. d4 e4 5. Nh3 Bb4+ 6. Bd2 Bxd2+ 7. Qxd2 O-O 8.
Nc3 Nc6 9. O-O d5 10. cxd5 Ne7 11. f3 exf3 12. Bxf3 Nexd5 13. Nf4 Nxf4 14. Qxf4
c6 15. Rad1 Be6 16. Qe5 Re8 17. Qc5 Qe7 18. b4 Rac8 1/2-1/2

[Event "4NCL Division 2b"]
[Site "Daventry, ENG"]
[Date "2020.01.12"]
[Round "4.82"]
[White "Polaczek, Richard"]
[Black "Berry, Neil"]
[Result "1/2-1/2"]
[WhiteElo "2365"]
[BlackElo "2269"]
[PlyCount "53"]
[EventDate "2020.01.12"]
[WhiteTeam "Manchester Manticores 1"]
[BlackTeam "Alba"]

1. d4 Nf6 2. Nf3 d5 3. c4 e6 4. Nc3 Be7 5. Bg5 h6 6. Bh4 O-O 7. e3 Ne4 8. Bxe7
Qxe7 9. Rc1 Nxc3 10. Rxc3 c6 11. Qc2 Nd7 12. a3 dxc4 13. Bxc4 e5 14. O-O e4 15.
Nd2 Nf6 16. f3 exf3 17. Rxf3 Be6 18. Bxe6 Qxe6 19. Qb3 Qe7 20. Rc5 Rae8 21.
Rcf5 b6 22. Nc4 Nd7 23. Qc3 Qe6 24. Ne5 Nxe5 25. Rxe5 Qd7 26. Rxe8 Rxe8 27. Qc4
1/2-1/2

[Event "4NCL Division 2b"]
[Site "Daventry, ENG"]
[Date "2020.01.12"]
[Round "4.83"]
[White "MacQueen, Calum"]
[Black "Jaunooby, Ali R"]
[Result "1-0"]
[WhiteElo "2211"]
[BlackElo "2237"]
[PlyCount "83"]
[EventDate "2020.01.12"]
[WhiteTeam "Alba"]
[BlackTeam "Manchester Manticores 1"]

1. d4 Nf6 2. c4 g6 3. Nc3 d5 4. cxd5 Nxd5 5. e4 Nb6 6. h3 Bg7 7. Nf3 O-O 8. Be2
Nc6 9. Be3 e5 10. d5 Ne7 11. a4 a5 12. Qb3 Bd7 13. d6 Nec8 14. Bg5 Qe8 15. dxc7
Be6 16. Qb5 Bd7 17. Qc5 f6 18. Be3 Rf7 19. Nd5 Bf8 20. Qc2 Bxa4 21. b3 Nxd5 22.
exd5 Bb5 23. O-O Bd6 24. Bc4 Rxc7 25. Nd2 Bd7 26. Ne4 Kg7 27. Qd2 Bb4 28. Bh6+
Kh8 29. Qe2 Qd8 30. f4 Bf5 31. fxe5 fxe5 32. Ng5 Bc3 33. Rad1 Re7 34. g4 Qb6+
35. Kh1 Nd6 36. gxf5 Nxf5 37. Rxf5 gxf5 38. d6 Rd7 39. Nf7+ Rxf7 40. Bxf7 Rd8
41. Kg2 e4 42. Rg1 1-0

[Event "4NCL Division 2b"]
[Site "Daventry, ENG"]
[Date "2020.01.12"]
[Round "4.84"]
[White "Jayawarna, Nugith"]
[Black "Burnett, Andrew"]
[Result "1/2-1/2"]
[WhiteElo "2155"]
[BlackElo "2120"]
[PlyCount "88"]
[EventDate "2020.01.12"]
[WhiteTeam "Manchester Manticores 1"]
[BlackTeam "Alba"]

1. c4 e5 2. g3 Nc6 3. Nc3 g6 4. Bg2 d6 5. d3 Bg7 6. e4 h5 7. h3 h4 8. g4 Nge7
9. Bg5 f6 10. Be3 Be6 11. Nf3 Qd7 12. a3 f5 13. gxf5 gxf5 14. Bg5 Ng6 15. Qd2
Nf4 16. Bxf4 exf4 17. O-O-O O-O-O 18. Kb1 Rdg8 19. Rdg1 Bxc3 20. Qxc3 fxe4 21.
dxe4 Qh7 22. Ka1 Qg7 23. Qxg7 Rxg7 24. Bf1 Re7 25. b4 Bd7 26. Bd3 Ne5 27. Nxe5
dxe5 28. Rg5 Rd8 29. Kb2 Bc6 30. Kc3 Red7 31. Bb1 Rd1 32. Rxd1 Rxd1 33. Bc2 Rh1
34. Rg8+ Kd7 35. b5 Rxh3+ 36. Kd2 Rxa3 37. bxc6+ Kxc6 38. Rh8 h3 39. Bd3 Kc5
40. Rxh3 Kd4 41. Bf1 Ra2+ 42. Ke1 Ra1+ 43. Ke2 Ra2+ 44. Ke1 Ra1+ 1/2-1/2